Bible verbs in French 1 - Statistics

General Stats
  • This quiz has been taken 11 times
  • The average score is 19 of 25
Answer Stats
Hint Answer % Correct
Boire To drink
100%
Manger To eat
100%
Donner To give
100%
Écouter To listen
100%
Penser To think
100%
Être To be
91%
Embrasser To embrace
91%
Vivre To live
91%
Voir To see
91%
Parler To speak
91%
Desirer To want
91%
Croire To believe
82%
Venir To come
82%
Mourir To die
82%
Faire To make
82%
Mentir To lie
73%
Amier To love
73%
Sauver To save
73%
Respirer To breathe
64%
Baiser To kiss
64%
Obéir To obey
64%
Promettre To promise
64%
Benir To bless
27%
S’agenouiller To kneel
27%
Nier To deny
18%
No matching quizzes found
Score Distribution
Percent of People with Each Score
Percentile by Number Answered
Your Score History
You have not taken this quiz